Shikshar darshanik buniad (Record no. 9929)

MARC details
000 -LEADER
fixed length control field 00643cam a2200241ua 4500
008 - FIXED-LENGTH DATA ELEMENTS--GENERAL INFORMATION
fixed length control field 190801n ii |||gr||||Z||||||asm
020 ## - INTERNATIONAL STANDARD BOOK NUMBER
International Standard Book Number 9789388458276
040 ## - CATALOGING SOURCE
Transcribing agency MAIN
041 ## - LANGUAGE CODE
-- asm
082 ## - DEWEY DECIMAL CLASSIFICATION NUMBER
Classification number 370.12
245 ## - TITLE STATEMENT
Title Shikshar darshanik buniad
Statement of responsibility, etc. By Binita Dutta and others
250 ## - EDITION STATEMENT
Edition statement 1st ed.
260 ## - PUBLICATION, DISTRIBUTION, ETC.
Place of publication, distribution, etc. Guwahati:
Name of publisher, distributor, etc. Students stores,
Date of publication, distribution, etc. 2019.
300 ## - PHYSICAL DESCRIPTION
Extent 200p.
700 ## - ADDED ENTRY--PERSONAL NAME
Personal name Binita Dutta,
Relator term
700 ## - ADDED ENTRY--PERSONAL NAME
Personal name Jurimoni Baruah,
Relator term
700 ## - ADDED ENTRY--PERSONAL NAME
Personal name Biman Bora,
Relator term
700 ## - ADDED ENTRY--PERSONAL NAME
Personal name Malabika Sharma,
Relator term
942 ## - ADDED ENTRY ELEMENTS (KOHA)
Koha item type Books
653 ## - INDEX TERM--UNCONTROLLED
Uncontrolled term Education
653 ## - INDEX TERM--UNCONTROLLED
Uncontrolled term Philosophical foundations of education
Holdings
Withdrawn status Lost status Damaged status Not for loan Home library Current library Shelving location Date acquired Total Checkouts Full call number Barcode Date last seen Date last checked out Copy number Price effective from Koha item type
        Central Library, Naharkatiya College Central Library, Naharkatiya College General Stacks 19/09/2020 18 370.12 | SHI 28009 20/11/2025 01/11/2025 1 19/09/2020 Books
        Central Library, Naharkatiya College Central Library, Naharkatiya College General Stacks 19/09/2020 8 370.12 | SHI 28010 13/12/2025 15/11/2025 2 19/09/2020 Books
        Central Library, Naharkatiya College Central Library, Naharkatiya College General Stacks 19/09/2020 6 370.12 | SHI 28011 21/10/2024 18/10/2024 3 19/09/2020 Books
        Central Library, Naharkatiya College Central Library, Naharkatiya College General Stacks 19/09/2020 8 370.12 | SHI 28012 16/10/2025 11/10/2025 4 19/09/2020 Books
        Central Library, Naharkatiya College Central Library, Naharkatiya College General Stacks 19/09/2020 9 370.12 | SHI 28013 06/11/2025 30/10/2025 5 19/09/2020 Books

Naharkatiya College © 2020. All rights reserved.

Powered By